| 000 | 00638nam a22002057a 4500 | ||
|---|---|---|---|
| 003 | OSt | ||
| 005 | 20251203094619.0 | ||
| 008 | 251203b |||||||| |||| 00| 0 eng d | ||
| 020 | _a 971-8740-33-3. | ||
| 040 |
_aDWCL-Admin lib _cOC |
||
| 082 | _aFil. 516.24 L257m 2001 | ||
| 100 | _aLaudicho, Elizabeth D.C | ||
| 245 |
_a MSA textbook in trigonometry / _cElizabeth D.C Laudicho |
||
| 260 |
_a Quezon City : _b MSA Pub. House, _c c2001 |
||
| 300 |
_a various paging : _bill. ; _c28 cm. |
||
| 504 | _aIncludes bibliographical references. | ||
| 650 | _a1. Trigonometry | ||
| 700 | _aAlferez, Merle S. | ||
| 942 |
_2ddc _cBK - FIL _kFil. _n0 |
||
| 999 |
_c6730 _d6730 |
||